000 00449nam a2200169Ia 4500
003 GCL
008 140319s9999 xx 000 0 eng d
040 _aGCL /
_cGCL
082 0 4 _a304
_b2
_bCH
100 1 _aHUMAN GEOGRAPHY
245 1 0 _aHUMAN GEOGRAPHY: SOCIETY, SPACE AND SOCIAL SCIENCE /
_cHUMAN GEOGRAPHY
260 _a[S.N] :
_bMACMILLAN ،
_c1994
300 _a294 P
650 0 4 _aGREGORY, DEREK
650 0 4 _aMARTIN, ROM
942 _2ddc
_cBK
999 _c10478
_d10478